Quiz o Amsterdamie - Statystyki

Ogólne statystyki
  • Ten quiz został rozwiązany 5 razy
  • Średni wynik to 12 z 20
Statystyki odpowiedzi
Wskazówka Odpowiedź % Poprawnych
Zgodnie z prawem Amsterdam jest stolicą Holandii. Ale w jakim innym mieście znajduje się holenderski parlament i wiele zagranicznych ambasad? Haga
100%
62,2% mieszkańców Amsterdamu twierdzi, że nie jest związanych z żadną ... Religią
100%
Pseudonim Amsterdamu. {Wenecja} Północy
100%
Osoba, która napisała „Pamiętnik młodej dziewczyny” mieszkając na poddaszu w Amsterdamie. Anne Frank
80%
Jak nazywa się "De Wallen" po angielsku. Dzielnica {Czerwonych} {Latarni}
80%
W Amsterdamie jest ponad 100 kilometrów takich grach, zwanych „grachten”. Kanały
80%
Miasto założone w 1625 roku pod nazwą Nowy Amsterdam. Nowy Jork
80%
Artysta, którego dzieła można oglądać w najchętniej odwiedzanym muzeum w Amsterdamie. Vincent Van Gogh
80%
Podaj nazwę jednego z dwóch największych miast w obszarze metropolitalnym Amsterdamu, oprócz samego Amsterdamu. Almere lub Haarlem
60%
Morze połączone z Amsterdamem poprzez kanał. Morze Północne
60%
Handel, który dawniej był zdominowany przez Holenderską Kompanię Wschodnioindyjską. Przyprawami
60%
Najwyższy budynek w Amsterdamie, nazwany na cześć malarza. {Rembrandt} Tower
60%
Środek transportu wykorzystywany w 32% podróży, jeden z najwyższych wskaźników na świecie. Rower
60%
Rzeka, od której pochodzi nazwa Amsterdamu. (WSKAZÓWKA: jest to również nazwa piwa) Amstel
40%
Najsłynniejszy browar w Amsterdamie. Heineken
40%
Prowincja, do której należy Amsterdam. Holandia Północna
40%
Wydarzenie zorganizowane przez miasto w 1928 roku. Letnie Igrzyska Olimpijskie
40%
Najbardziej utytułowany klub piłkarski w Amsterdamie. AFC Ajax
20%
Zbiornik wodny, nad którym leży Amsterdam. (WSKAZÓWKA: dwie litery) IJ
20%
Pierwsza na świecie instytucja finansowa została otwarta w Amsterdamie w 1602 roku. Rynek
0%
Nie znaleziono quizów pasujących do podanych kryteriów
Rozkład punktacji
Procent ludzi z każdym wynikiem
Percentyl według liczby udzielonych odpowiedzi
Twoja historia wyników
Nie rozwiązałeś tego quizu